FAO agricultural services bulletin; N.109 Evolution and trends in development countries,Grain storage technques
Uloženo v:
| Hlavní autor: | |
|---|---|
| Médium: | Kniha |
| Jazyk: | Undetermined |
| Vydáno: |
Rome
FAO
1994
|
| Témata: | |
| Tagy: |
Přidat tag
Žádné tagy, Buďte první, kdo otaguje tento záznam!
|
| Thư viện lưu trữ: | Trung tâm Học liệu Trường Đại học Cần Thơ |
|---|
| LEADER | 00560nam a2200193Ia 4500 | ||
|---|---|---|---|
| 001 | CTU_16814 | ||
| 008 | 210402s9999 xx 000 0 und d | ||
| 082 | |a 630 | ||
| 082 | |b F218/N.109 | ||
| 100 | |a FAO | ||
| 245 | 0 | |a FAO agricultural services bulletin; N.109 | |
| 245 | 0 | |b Evolution and trends in development countries,Grain storage technques | |
| 245 | 0 | |c FAO | |
| 260 | |a Rome | ||
| 260 | |b FAO | ||
| 260 | |c 1994 | ||
| 650 | |a grain - storage | ||
| 904 | |i Nguyễn Quang Điền, 970611 | ||
| 980 | |a Trung tâm Học liệu Trường Đại học Cần Thơ | ||